00262nam a2200121Ia 4500003000400000005001700004008004100021020001800062040001000080100002200090245002000112260000800132OSt20240118100124.0170524s9999 xx 000 0 und d a9789382127741 ciimtu aJAIRATH- ANOOP K. 0aCONTROL SYSTEMS bAne